000 00337 a2200145 4500
001 155408
040 _cEscola São Tomás de Aquino
100 _aTITO
240 1 0 _aQuímica na abordagem do cotidiano
_lpor
245 1 0 _aQuímica na abordagem do cotidiano
300 _a144
440 1 _aSaraiva
697 _aQUÍMICA
942 _cBK
999 _c155408
_d155408